000 02142cam a22004934i 4500
003 PE-LiUPU
005 20250731173351.0
008 150706s2005 mau rb 000 0 eng d
020 _a9004147012
035 _a(Sirsi) i9789004147010
040 _aPE-LiUPU
_bspa
_cPE-LiUPU
_erda
049 _aPRUA
082 0 4 _a225.92
_bP
_221
245 0 0 _aPaul and his opponents /
_ceditado por Stanley E. Porter.
264 1 _aLeiden; Boston :
_bBrill,
_c2005.
300 _a257 páginas ;
_c25 centímetros.
336 _atext
_2rdacontent
337 _aunmediated
_2rdamedia
338 _avolume
_2rdacarrier
490 0 _aPauline studies, ISSN 1572-4913 ;
_v2
504 _aIncluye referencias bibliográficas.
505 0 _aIntroduction to the Study of Paul's Opponents -- Studying Paul's Opponents: Advances and Challenges -- Intruding "Spies" and "Pseudo-brethren": The Jewish Intra-Group Politics of Paul's Jersusalem Meeting (Gal 2:1-10) -- Apostolic Identity and the Conflicts in Corinth and Galatia -- Reflections Concerning Paul's "Opponents" in Galatia -- Dip Paul Have Opponents in Rome and What Were They Opposing? -- The Opponents at Colossae -- Paul and "Works of Law" Language in Late Antiquity -- Paul and the Imperial Cult.
526 _aSEG42
526 _aSEG41
526 _aSEG40
526 _aSEG39
526 _aP94
526 _aP87
526 _aP86
526 _aP85
526 _aP77
526 _aP76
526 _aP35
600 1 _aPablo, apóstol
_xAdversarios
630 _aBiblia.
_pN.T.
_pEpístolas de Pablo
_vCrítica, interpretación, etc.
700 1 _aPorter Stanley E.,
_eed.
910 _agl
_bjv
_cjvm
_d20100413
942 _2ddc
_cBOOK
949 _a225.92 P
_wDEWEY
_c1
_i61267
_lCCODEBUL1
_mBUL
_p15.00
_r0
_sY
_tBOOK
_u2015-7-6
_xTEOLOGIA
_zUNKNOWN
_0COMPRA
_o.STAFF. Colección General
994 _aC0
_bPEPRU
596 _a1
999 _a225.92 P
_wDEWEY
_c50532
_i61267
_f2021-11-9
_g5
_lCCODEBUL1
_mBUL
_p15.00
_r0
_sY
_tBOOK
_u2015-7-6
_xTEOLOGIA
_PP35
_0COMPRA
_o.STAFF. Colección Teología
_d50532
980 _81
_gALBERTO SANCHEZ Responsable de Automatización